000 00255nam a2200097Ia 4500
001 777368
005 20250826165905.0
008 250824s9999 xx 000 0 und d
245 0 _aSAHNENİN DIŞINDAKİLER
_cAHMET HAMDİ TANPINAR
260 _bDERGAH YAYINLARI
999 _c777368
_d777368